Japanese style /

Bibliographic Details
Main Author: Slesin, Suzanne
Other Authors: Cliff, Stafford, Rozensztroch, Daniel
Format: Book
Language:English
Published: New York : C.N. Potter, Inc. : [1987]
Subjects:

MARC

Tag First Indicator Second Indicator Subfields
LEADER 00000cam a22000008a 4500
001 in00000028097
005 20151007055958.0
008 870121s1987 nyua 00110 eng
010 |a  87002269  
020 |a 0517560801 
035 |a (OCoLC)15163055 
035 |9 AAB9786AM 
040 |a DLC  |c DLC  |d m/c  |d TXA  |d UtOrBLW 
043 |a a-ja--- 
049 |a TXAM 
050 0 0 |a NK2084.A1  |b S64 1987 
082 0 |a 728/.0952  |2 19 
100 1 |a Slesin, Suzanne. 
245 1 0 |a Japanese style /  |c by Suzanne Slesin, Stafford Cliff, & Daniel Rozensztroch ; with photographs by Gilles de Chabaneix. 
263 |a 8711 
264 1 |a New York :  |b C.N. Potter, Inc. :  |c [1987] 
264 2 |a New York :  |b Distributed by Crown Publishers, 
264 4 |c ©1987 
300 |a xi, 287 pages :  |b color illustrations ;  |c 26 cm. 
336 |a text  |b txt  |2 rdacontent 
337 |a unmediated  |b n  |2 rdamedia 
338 |a volume  |b nc  |2 rdacarrier 
500 |a Includes index. 
536 |a Given to the library by Mr. Brett Thompson, June 2007. 
650 0 |a Interior decoration  |z Japan  |x History  |y 20th century. 
650 0 |a Interior decoration  |z Japan  |x Foreign influences. 
700 1 |a Cliff, Stafford. 
700 1 |a Rozensztroch, Daniel. 
999 |a MARS 
999 f f |s 083692de-b888-3e3c-8ef0-2b2caf657a9e  |i 08f9b725-65c0-384a-badc-79b52470bf32  |t 0 
952 f f |p normal  |a Texas A&M University  |b College Station  |c Sterling C. Evans Library  |s Evans stk  |d Evans: Library Stacks  |t 0  |e NK2084.A1 S64 1987  |h Library of Congress classification  |i unmediated -- volume  |m A14834828796 
998 f f |a NK2084.A1 S64 1987  |t 0  |l Evans: Library Stacks